00681nam a22002177a 4500003001100000005001700011008004100028020001500069040003900084041000800123082001500131100002100146245008600167260004000253300002800293650001400321650001600335942000700351952009000358999001500448LK-CoMWRAF20231022111038.0230928b1997 |||||||| |||| 00| 0 eng d a1577310640 aLK-CoMWRAFdLK-CoMWRAFeLK-CoMWRAF aeng a158.1bCAR aCarlson, Richard aYou can be happy no matter what:bfive principles for keeping life in perspective aNovato: bNew World Library,c1997 a xxiii, 141 p. ; 19 cm. aHAPPINESS aCONTENTMENT cBK 00104070aMAINbMAINd2023-09-28l0o158.1 CARpRAF1528r2023-09-28w2023-09-28yBK c3725d3725